|
|
|
|
| LEADER |
00000cam a2200000 7i4500 |
| 001 |
0000001416 |
| 005 |
20010621.0 |
| 020 |
0 |
0 |
|a 9839747460
|
| 090 |
0 |
0 |
|a 337.11814
|b KHO 2000
|
| 100 |
1 |
0 |
|a KHOR
|h Martin
|
| 245 |
1 |
0 |
|a Globalization and the South : some critical issues
|c Martin Khor
|
| 260 |
0 |
0 |
|a Pulau Pinang :
|b Third World Network ,
|c 2000
|
| 300 |
|
|
|a iii, 109 p. ;
|c 21 cm.
|
| 500 |
0 |
0 |
|a Bibliography : [p. 107-109]
|
| 650 |
0 |
0 |
|a International economic relations
|
| 650 |
0 |
0 |
|a International relations
|
| 650 |
0 |
0 |
|a Southern hemisphere
|x Foreign economic relations
|
| 998 |
|
|
|a JPSM
|
| 999 |
|
|
|a 0000002431
|b Monograph
|c Open Shelf
|e Default branch
|
| 999 |
|
|
|a 0000003288
|b Monograph
|c Open Shelf
|e Default branch
|